| 000 | 03090nam a2200265 a 4500 | ||
|---|---|---|---|
| 001 | 000008721 | ||
| 005 | 20200929161409.0 | ||
| 008 | 090918s2005 dr a 001 0 spa d | ||
| 040 |
_aDO-SdBNP _bspa _cBNPHU |
||
| 082 |
_a543 _bV195t |
||
| 100 | 1 |
_aValls Planells, Oriol _923220 |
|
| 245 | 1 | 0 |
_aTécnicas instrumentales en farmacia y ciencias de la salud / _cOriol Valls Planells, Benito Del Castillo. |
| 250 | _aEd. especial dominicana | ||
| 260 |
_aSanto Domingo : _bOficina del Ordenador Nacional para los Fondos Europeos del Desarrollo, _c2005. |
||
| 300 |
_a666 p. : _bil ; _c30 cm. |
||
| 505 | 2 | _aConcepto, interés y clasificación de las técnicas instrumentales / Oriol Valls, Benito del Castillo -- Interación de la radiación electromagnética con la materia / Oriol Valls, Benito del Castillo -- Técnicas espectroscos / Oriol Valls, Benito del Castillo -- Espectroscopía atómicas / Oriol Valls -- Espectroscopía de emisión de llama / Victoria Girona -- Espectroscopía de emisión plasma / Benito del Castillo -- Espectroscopía de absorción atómica / M. Teresa Montero -- Espectroscopía de fluorescencia atómica / Benito del Castillo, Sofía Rodenas -- Espectroscopías de rayos x / Bermúdez Polonio -- Espectros moleculares /Oriol Valls -- Espectroscopía infrarroja /Oriol Valls -- Reflectometría / Oriol Valls -- Espectroscopías de luminiscencia molecualr (fluorimetría y fosforimetría) / Benito del Castillo, M. Antonia Martín -- Técnicas de quimioluminiscencia / Willy R. G. Baeyens, Betty Lin Ling, Kazuhiro Imai -- Espectroscopía fotoacústica / Fernándo Ferrándiz -- Métodos basados en la dispersión de la radiación electromagnética con la materia / Jordi Hernández -- Técnicas espectropolarimetricas: rotación óptica y dicroismo circular / Joan Estelrich -- Espectroscopías de resonancia magnética nuclear / Licensio Rodríguez -- Microscopía electrónica / Benito del Castillo -- Técnicas electroquimicas. conductimetria /M. Luisa García -- Métodos potenciometricos / Benito del Castillo -- Técnicas voltametricas / M. Luisa García. | |
| 505 | 0 | _aElectroforesis / Sofía Rodenas -- Isoelectroenfoque. isotacoforesis / Sofía Rodenas -- Electroforesis capilar / M. Carmen Martín -- Electroforesis de celulas y particulas en suspensión citoferometria / Fernándo Ferrándiz -- Cromatografia de líquidos / Benito del Castillo, Pedro Andrés -- Cromatografía plana / Betty Ling , R. G. Baeyenns , Benito del Castillo , Oriol Valls -- Cromatografía de gases y líquidos supercríticos / Oriol Valls , Pedro Andrés -- Espectrometria de masas / Oriol Valls -- Ultracentrifugación / Oriol Valls -- Técnicas radioquimicas / José Luis Moreno -- Métodos térmicos / M. Antonia Egea -- Automatismo en instrumentación / Oriol Valls. | |
| 590 | _aInventariado, 2020/MFF | ||
| 650 | 4 |
_aQuímica analítica _923221 |
|
| 650 | 4 |
_aQuímica farmacéutica _923222 |
|
| 650 | 4 |
_aFarmacia _96324 |
|
| 650 | 4 |
_aMedicamentos _96323 |
|
| 700 | 1 |
_aSagredo Fernández, Adolfo, _epról. _923223 |
|
| 910 | _aValidado. Control de calidad MMOLINA | ||
| 999 |
_c8491 _d8491 |
||